Представление документа в формате RUSMARC

ПолеНазваниеЗначение
  Тип записи a
  Библиографический уровень m
001 Контрольный номер RU\NLR\BIBL_A\010664166
005 Дата корректировки 20201206205013.8
010 Индекс ISBN __
a ISBN 978-5-235-03740-3 (в пер.)
d Цена 339-49
021 № государственной регистрации __
b № документа 2014-91453
100 Данные общей обработки __
a Данные общей обработки 19160711d2015||||||| 0rusy0189 ca
101 Язык документа 0_
a Язык текста rus
102 Страна публикации __
a Страна публикации RU|
105 Кодированные данные (монография) __
a Кодированные данные (монография) ach||||||01zy
200 Заглавие и сведения об ответственности 1_
a Заглавие Екатерина Дашкова
e Сведения, относящиеся к заглавию [12+]
f Первые сведения об ответственности Ольга Елисеева
b Общее обозначение материала Текст
210 Выходные данные __
a Место издания Москва
c Издательство Молодая гвардия
d Дата издания 2015
215 Физическое описание __
a Объем 567, [1] с.
c Иллюстрации/тип воспроизводства [16] л. ил., портр., факс.
d Формат 18 см
225 Серия __
a Серия Жизнь замечательных людей: Серия биографий
i Наименование части Малая серия
v Обозначение тома вып. 64
300 Общие примечания __
a Общие примечания 3000 экз.
300 Общие примечания __
a Общие примечания В вып. дан.: 16+
320 Библиография __
a Библиография Библиогр.: с. 561-564 и в примеч.: с. 516-556
330 Аннотация __
a Аннотация Героиня этой книги называла свою жизнь романом, правда, очень грустным. Исследователи часто обращали внимание на вторую часть утверждения, забывая о первой. Между тем биография Дашковой вмещает интриги, перевороты, скандалы, попытки политических убийств и огромную любовь. Любовь одной женщины к другой. По законам времени такое чувство не могло быть счастливым, но оно оказало влияние на различные сферы государственной жизни. Читайте новую книгу известного историка Ольги Елисеевой о судьбе одной из самых удивительных женщин XVIII века.
333 Примечание о целевом назначении __
a Примечание о целевом назначении 12+. Для детей старше 12 лет
600 Персоналии __
a Персоналии (Фамилия) Дашкова, Е. Р.
c Дополнение к имени графиня
f Даты 1743-1810
g Полное имя Екатерина Романовна
606 Тематические рубрики __
a Основная рубрика История
606 Тематические рубрики __
a Основная рубрика Россия в XVIII в. - 1917 г.
z Хронологическая подрубрика 18 в.
610 Ключевые слова __
a Ключевые слова биографии
a Ключевые слова биографическая проза
a Ключевые слова биографические материалы
a Ключевые слова государственные деятели
a Ключевые слова государственные перевороты
a Ключевые слова графини
a Ключевые слова придворная жизнь
a Ключевые слова фрейлины
686 Индексы других классификаций __
2 Код системы rubbks
a Классификационный индекс 63.3(2)513-8; ст63.3(2)513-8
700 Автор _1
a Фамилия Елисеева
b Имя О. И.
g Полное личное имя Ольга Игоревна
4 Код отношения 070
801 Источник записи _0
a Страна RU
b Организация Муниципальное бюджетное учреждение культуры "Централизованная библиотечная система" г. Сургут (Центральная городская библиотека им. А. С. Пушкина)
c Дата составления 20160711
g Правила каталогизации КиК/Котельникова
801 Источник записи _1
a Страна RU
b Организация Муниципальное бюджетное учреждение культуры "Централизованная библиотечная система" г. Сургут (Центральная городская библиотека им. А. С. Пушкина)
c Дата составления 20160711
g Правила каталогизации КиК/Котельникова
852 Данные о местонахождении __
j Шифр хранения 63.3(2)513-8
i Авторский знак Е 51
901 Тип документа __
t Тип документа m
903 Характеристики (МАРС) __
a Дата передачи 20160711
990 Данные о заказе (DOS) __
j Количество экземпляров (DOS) 6
t N записи в КСУ для И/У (DOS) 201607